LEADER 00890nab a2200169 i 4500 001 000000274654 003 CaOOAMICUS 005 20110128000000.0 008 110128n xx uu u0 0und r 013 $a23317 020 $a978-1-85072-811-2 040 $aSeMil$bita 245 10$aDancing Theology on Earthquakes :$bTrends and Direction in Feminist Theologies ; Early Devotion to Jesus : A Report, Reflections and Implications ; Q or Not Q?. - Titoli dalla copertina. 500 $aJanuary 2011. 773 0 $t[October 2010-September 2011].$dLondon : SAGE Publications, copyr. 2010-2011.$w()192193 996 $6020$a978-1-85072-811-2$9(OLS)http://semarc/number/267610 996 $6245$aDancing Theology on Earthquakes :$bTrends and Direction in Feminist Theologies ; Early Devotion to Jesus : A Report, Reflections and Implications ; Q or Not Q?. - Titoli dalla copertina.$9(OLS)http://semarc/title/361117 LEADER 01216nam a2200301 i 4500 001 000000118839 003 CaOOAMICUS 005 20031009000000.0 008 031009s2001 it u000 u ita u 013 $a91532 020 $a88-17-12642-X 040 $aSeMil$bita 100 1 $aCavallero, Pietro.$0(OLS)http://semarc/name/49586 245 10$aTi voglio bene /$cPietro Cavallero ; prefazione del Cardinale Carlo Maria Martini. 260 $aMilano :$bBUR,$c2001. 300 $a166 p. ;$c23 cm. 490 0 $aSB Saggi 500 $aContiene : [2] Appendici. - Fondo Card. C.M. Martini. 650 4$aCavallero, Pietro <1929-1997> - Scritti.$0(OLS)http://semarc/subject/22197 700 1 $aMartini, Carlo Maria,$c.$0(OLS)http://semarc/name/89159 830 0$aSB Saggi.$0(OLS)http://semarc/title/13390 850 $aSeMil 852 $aSeMil$W1$xVenegono$y1$m3J IV 144$j74090$B74090$CSeMilBibl$Z2$F97161 $81 941 1 $a4 961 $aOmaggio: Martini Card. Carlo Maria 996 $6020$a88-17-12642-X$9(OLS)http://semarc/number/103524 996 $6245$aTi voglio bene$9(OLS)http://semarc/title/163305 996 $6260$aMilano :$bBUR$9(OLS)http://semarc/publisher/31429